| 000 | 00534cam5a220018100 4500 | ||
|---|---|---|---|
| 001 | zam00001765 | ||
| 008 | 951128s1992 xx eng u | ||
| 020 | _a978260173X | ||
| 035 | _a(Sirsi) r19156 | ||
| 035 | _a(MACHINE)01479 | ||
| 100 |
_aEnahora, Peter. _6A79759.1 |
||
| 245 | 1 | 4 | _aThe complete Nigerian. |
| 260 |
_aLagos : _bMalhouse, _c1992. |
||
| 700 |
_aPeter Enahora. _6A79760.1 |
||
| 949 |
_aPR/9387/.9/.E6C6 _wlcc _i33729000403357 _mMAIN _tBOOK _lON-SHELF |
||
| 004 | 19156 | ||
| 900 |
_51992 _8PR/9387/.9/.E6C6 _9ENA _c1 _p2500 |
||
| 999 |
_c165924 _d165924 |
||